000 00628nam a2200241Ia 4500
003 OSt
005 20220918202524.0
006 a|||||r|||| 00| 0
007 ta
008 220917b |||||||| |||| 00| 0 eng d
024 _a101,876
037 _cTextual
040 _aARTS
_cARTS
_beng
041 _2eng
_aeng
082 _aV245,21y7N34, L9
100 _aShanta Kumar
_9104173
245 0 _aChief Minister's prison diary
260 _aNew Delhi
_bVikas
_c1979
300 _avi, 90p.
_ccm.
650 _aHISTORY
942 _hV245,21y7N34, L9
_cTEXL
_2CC
999 _c225336
_d225336